000 00543nam a22002057a 4500
001 56
003 KOHA_MİRAKIL
005 20230712105322.0
008 230712b tu ||||| |||| 00| 0 tur d
020 _a975-486-871-3
040 _aTR-AnANB
_btur
_cTR-AnANB
090 _aBorçlar Hukuku-57
100 _aAday, Nejat.
245 0 _aÖzel Hukukta Yüklenti Kavramı ve Sonuçları /
_cNejat Aday.
250 _a1.Basım
260 _aİstanbul:
_bBeta Yayınevi,
_c2000.
300 _a256 Sayfa
650 _aBorçlar Hukuku
942 _2ddc
_cBK
999 _c56
_d56